00876nam a22002657a 45000010005000000030006000050050017000110080041000280200018000690400029000870500015001160820012001311000027001432450043001702600040002133000061002535050007003145200057003215210019003785210018003976500028004159420015004439990015004589520137004739225FISKH20251203124528.0251203b cb ||||| |||| 00| 0 eng d a9780590330275 aFISKHbengcFISKHdFISKH aQA115 .L72 a513.211 aLong, Lynette eAuthor aDomino addition /cby Dr. Lynette Long aNew York :bScholastic Inc. ,c1996 a27 unnumbered pages :bcolor illustrations ;c22 x 28 cm aP  aExplains basic addition through the use of dominoes.8 a660 bLexile 8 aP bRaz-Plus  aMath conceptsvAddition 2ddccBKn0 c9225d9225 00102ddc40708NFICa002b002cTTP Oranged2025-12-03l0oLON 513.211 QA115 .L72pFIS02105r2025-12-03 12:45:25t1w2025-12-03yBK